| 000 | 00697nam a22002055i 4500 | ||
|---|---|---|---|
| 001 | 170268 | ||
| 003 | ES-MaACL | ||
| 005 | 20230906214333.0 | ||
| 008 | 090218s1885 fr |||| | fre d | ||
| 080 | _a782.1 | ||
| 100 | 1 |
_aScribe, Eugène. _9104966 |
|
| 245 | 1 | 0 |
_aRobert-le-Diable _b: opéra en cinq actes / _cparoles de E. Scribe et G. Delavigne ; musique de G. Meyerbeer. |
| 250 | _aNouvelle édition. | ||
| 260 |
_aParis : _bTresse, _c1885. |
||
| 300 |
_a65 p. ; _c19 cm. |
||
| 650 | 1 | 4 |
_aÓperas- _vLibretos. _9137584 |
| 700 | 1 |
_aDelavigne, Germain. _9139024 |
|
| 700 | 1 |
_aMeyerbeer, Giacomo. _980809 |
|
| 852 |
_aES-MaACL _j2248-F-6 _9R.140955 _z.- Biblioteca Jacinto Martínez Lacalle |
||
| 999 |
_c170268 _d170268 |
||